|
|
|
|
| LEADER |
01014nam a22002291 4500 |
| 001 |
c000204600 |
| 003 |
CARM |
| 005 |
20021125002000.0 |
| 008 |
851113s1968 lh 0 fre d |
| 019 |
1 |
|
|a 4145752
|5 LACONCORD2021
|
| 035 |
|
|
|a (OCoLC)84334408
|5 LACONCORD2021
|
| 100 |
0 |
|
|a Frederick
|b II,
|c King of Prussia,
|d 1712-1786.
|
| 245 |
1 |
3 |
|a De la litterature allemande /
|c (1780) von Friedrich dem Grossen. 2., vermehrte Aufl. nebst C.W.von Dohms deutscher Ubersetzung, hrsg. von L.Geiger.
|
| 260 |
|
|
|a Nendeln/Liechtenstein :
|b Kraus Reprint,
|c 1968.
|
| 440 |
|
0 |
|a Deutsche Literaturdenkmale des 18. und 19. Jahrhunderts,
|v 16
|
| 500 |
|
|
|a Reprint of the 1902 ed.
|
| 650 |
|
0 |
|a German literature
|y 18th century.
|
| 700 |
1 |
|
|a Geiger, Ludwig,
|d 1848-1919.
|
| 852 |
8 |
|
|b CARM
|h A2:AK20A0
|i B06103
|p 0294583
|f BK
|
| 082 |
0 |
4 |
|a 830.9006
|
| 999 |
f |
f |
|i 33356220-fdf6-5a9e-a36e-47a64c903d4a
|s 93daf848-e5e1-5bbd-8db6-0666ba1118ed
|
| 952 |
f |
f |
|p Can circulate
|a CAVAL
|b CAVAL
|c CAVAL
|d CARM 1 Store
|e B06103
|f A2:AK20A0
|h Other scheme
|i book
|m 0294583
|